Sports Quiz

Random Sports or Soccer Quiz

2014-15 Bundesliga Season Standings Quiz Stats

 Plays Quiz not verified by Sporcle

Also try: NHL Close-Up Logos
Challenge
Share
Tweet
Embed
Score 0/18 Timer 04:00
0 Plays Today
Placing Team % Correct
1stBayern Munich
100%
2nd VFL Wolfsburg
78.3%
7thBorussia Dortmund
69.6%
4thBayer Leverkusen
65.2%
3rdBorussia Monchengladbach
60.9%
6thFC Schalke 04
60.9%
5thFC Augsburg
56.5%
8thTSG 1899 Hoffenheim
43.5%
10thWerder Bremen
43.5%
Placing Team % Correct
16thHamburger SV
39.1%
11thFSV Mainz 05
34.8%
17thSC Freiburg
34.8%
9thEintracht Frankfurt
30.4%
12th1. FC Koln
30.4%
14thVFB Stuttgart
30.4%
13thHannover 96
26.1%
15thHertha BSC
26.1%
18thSC Paderborn 07
26.1%

You're not logged in!

Compare scores with friends on all Sporcle quizzes.
OR
Log In

You Might Also Like...

Show Comments

Extras

Top Quizzes Today


Score Distribution

Your Account Isn't Verified!

In order to create a playlist on Sporcle, you need to verify the email address you used during registration. Go to your Sporcle Settings to finish the process.

Report this User

Report this user for behavior that violates our Community Guidelines.

Details: